000
00275nam a2200097Ia 4500
001
1197162
005
20250827021821.0
008
250824s9999 xx 000 0 und d
245
0
_a
SHERLOCK HOLMES GERÇEKLER KANIT İSTER
_c
SİR ARTHUR CONAN DOYLE
260
_b
MARTI YAYINCILIK
999
_c
1197162
_d
1197162